| 000 | 00338nam a2200109Ia 4500 | ||
|---|---|---|---|
| 008 | 171211s9999 xx 000 0 und d | ||
| 245 | 4 | _aThe Book of CSS3: A Developer's Guide to the Future of Web Design | |
| 245 | _cPeter Gasston | ||
| 260 | _c2014 | ||
| 650 | _xWeb Development | ||
| 856 | _uhttp://down.ebook777.com/006/9781593272869.pdf | ||
| 999 |
_c350118 _d350118 |
||